000 00476nam a2200169Ia 4500
001 7651
003 GE_BSU
008 181216s||||||||xx |||||||||||||| ||und||
040 _cGE_BSU
245 _aМировая экономика и международные отношения.№7. 2013.
245 _cГл. ред. А.В.Рябов. и др.
260 _aмосква.
260 _bнаука.
260 _c2013.июль.
300 _a128ст;29см.
942 _cCR
999 _c41003
_d41003